[Event "Women's National Chess Championship 2015"]
[Site "SLIIT,Malambe"]
[Date "2015.07.05"]
[Round "4"]
[Board "4"]
[White "Udupitiya, U G S S S"]
[Black "Saumy, Zainab"]
[Result "1/2-1/2"]
[WhiteElo "1647"]
[BlackElo "1570"]
[PlyCount "64"]
[EventDate "2015.07.04"]
[EventRounds "13"]
[EventCountry "SRI"]

1. e4 c5 2. Nf3 d6 3. d4 cxd4 4. Nxd4 Nf6 5. Nc3 g6 6. f3 Bg7 7. Be3 O-O 8. Bc4
Nc6 9. Qd2 Bd7 10. O-O-O Rb8 11. g4 Ne5 12. Bb3 b5 13. Qe2 Qa5 14. h4 Rfc8 15.
Kb1 Nc4 16. Nd5 Nxd5 17. exd5 Nxe3 18. Qxe3 Qd8 19. h5 a5 20. hxg6 hxg6 21. Nc6
Bxc6 22. dxc6 Rxc6 23. Qe4 d5 24. Qxd5 Qxd5 25. Bxd5 Rd6 26. Be4 Rbd8 27. Bd3
b4 28. Rde1 e6 29. Re2 Rd4 30. Rf1 a4 31. Re4 a3 32. Rxd4 Rxd4 1/2-1/2

[Event "Women's National Chess Championship 2015"]
[Site "SLIIT,Malambe"]
[Date "2015.07.05"]
[Round "4"]
[Board "5"]
[White "Ranasinghe, S D"]
[Black "Rajapaksa, Miyuni Kavinya"]
[Result "0-1"]
[WhiteElo "1783"]
[BlackElo "1591"]
[PlyCount "52"]
[EventDate "2015.07.04"]
[EventRounds "13"]
[EventCountry "SRI"]

1. c4 e5 2. Nc3 Nf6 3. g3 d5 4. cxd5 Nxd5 5. Bg2 Nb6 6. Nf3 Nc6 7. O-O Be7 8.
d3 g5 9. Nd2 f5 10. Nc4 Bf6 11. e4 Be6 12. exf5 Bxf5 13. Ne4 h5 14. Nxb6 axb6
15. Nxf6+ Qxf6 16. Be3 O-O-O 17. Qa4 Kb8 18. Rfc1 Nd4 19. Kh1 h4 20. Qc4 Rd7
21. Rc3 hxg3 22. Ra3 Rxh2+ 23. Kg1 Rxg2+ 24. Kxg2 Bh3+ 25. Kxh3 Rh7+ 26. Kg2
Qf3+ 0-1

[Event "Women's National Chess Championship 2015"]
[Site "SLIIT,Malambe"]
[Date "2015.07.05"]
[Round "4"]
[Board "6"]
[White "Mendis, Dasuni Hansika"]
[Black "Peiris, H Pevinya"]
[Result "1-0"]
[WhiteElo "1697"]
[BlackElo "1607"]
[PlyCount "74"]
[EventDate "2015.07.04"]
[EventRounds "13"]
[EventCountry "SRI"]

1. d4 Nf6 2. c4 e6 3. Nc3 b6 4. e4 Bb4 5. f3 Bxc3+ 6. bxc3 Ba6 7. Be2 Nxe4 8.
fxe4 Qh4+ 9. Kf1 Qxe4 10. Nf3 d6 11. Bd3 Qc6 12. Qe2 Qb7 13. Kf2 Nd7 14. Rf1 h6
15. Kg1 O-O-O 16. a4 g5 17. a5 Nb8 18. axb6 cxb6 19. Be3 Rhf8 20. Rfb1 f5 21.
Bf2 Rf6 22. c5 Bxd3 23. Qxd3 dxc5 24. Qc4 a6 25. dxc5 b5 26. Qe2 Nc6 27. Nd4 f4
28. Qa2 Nxd4 29. Bxd4 e5 30. Bxe5 Rc6 31. Bd4 g4 32. c4 Rxd4 33. cxb5 axb5 34.
Qg8+ Kc7 35. Qg7+ Rd7 36. Qe5+ Kd8 37. Qxf4 b4 {Poor Recording} 1-0

[Event "Women's National Chess Championship 2015"]
[Site "SLIIT,Malambe"]
[Date "2015.07.06"]
[Round "5"]
[Board "1"]
[White "Gamage, Nethmi Nirasha"]
[Black "Kodikara, K K M Sachintha"]
[Result "1/2-1/2"]
[WhiteElo "1580"]
[BlackElo "1505"]
[PlyCount "128"]
[EventDate "2015.07.04"]
[EventRounds "13"]
[EventCountry "SRI"]

1. d4 d5 2. c4 c6 3. Nf3 Nf6 4. Qc2 Bg4 5. Ne5 e6 6. Nxg4 Nxg4 7. e3 Nd7 8. Bd3
Ngf6 9. O-O Bd6 10. Nd2 O-O 11. Nf3 Re8 12. e4 dxe4 13. Bxe4 Nxe4 14. Qxe4 Nf6
15. Qc2 h6 16. b3 Nd7 17. Bb2 Qe7 18. Rfe1 Ba3 19. d5 cxd5 20. cxd5 Bxb2 21.
Qxb2 e5 22. Rad1 f6 23. Nh4 Nb6 24. Qe2 Qf7 25. d6 Qe6 26. Qe4 Rab8 27. Re3 Nd7
28. Nf5 Kh8 29. Rg3 Rg8 30. Ne7 f5 31. Qh4 f4 32. Rg6 Qf7 33. Qh5 Rgf8 34. Qe2
f3 35. Qb5 fxg2 36. Rxg2 Rfd8 37. Rd3 a6 38. Qb4 Qh5 39. Kh1 g5 40. Qc3 Kh7 41.
Qe1 Rf8 42. Qe4+ Kg7 43. Nf5+ Kg8 44. Qd5+ Kh7 45. Qe6 Nc5 46. Qxe5 Qg6 47.
Qxc5 Qxf5 48. Qxf5+ Rxf5 49. f3 Kg7 50. Rc2 Rf7 51. d7 Rd8 52. Rc7 b6 53. Kg2
Re7 54. Rd6 a5 55. Kg3 b5 56. Kg4 Rf7 57. Rcc6 Rfxd7 58. Rg6+ Kf7 59. Rxh6 Rd2
60. Rc7+ Kg8 61. Rg6+ Kh8 62. Rh6+ Kg8 63. Kxg5 Rg2+ 64. Kf4 Rf8+ 1/2-1/2

[Event "Women's National Chess Championship 2015"]
[Site "SLIIT,Malambe"]
[Date "2015.07.06"]
[Round "5"]
[Board "2"]
[White "Peiris, H Pevinya"]
[Black "Askey, Roshell Nathasha"]
[Result "1-0"]
[WhiteElo "1607"]
[BlackElo "1606"]
[PlyCount "89"]
[EventDate "2015.07.04"]
[EventRounds "13"]
[EventCountry "SRI"]

1. d4 Nf6 2. g3 e6 3. Bg2 c5 4. e3 d5 5. dxc5 Bxc5 6. c4 O-O 7. Qc2 Nc6 8. a3
Ne5 9. b4 Be7 10. c5 d4 11. Bb2 dxe3 12. Bxe5 exf2+ 13. Ke2 fxg1=Q 14. Rxg1 Nd5
15. Ra2 f6 16. Bb2 Qe8 17. Kf2 Qb5 18. Rd1 Rd8 19. Rd4 f5 20. a4 Qe8 21. Qd2
Nf6 22. h3 Rxd4 23. Qxd4 Qg6 24. Nd2 Rb8 25. Qe5 Nd7 26. Qc7 Bf6 27. c6 bxc6
28. Bxc6 Qe8 29. Bxf6 gxf6 30. b5 Rb6 31. Nc4 Rxc6 32. bxc6 Nc5 33. Nd6 Ne4+
34. Nxe4 fxe4 35. Rd2 e3+ 36. Kxe3 f5 37. Rd8 f4+ 38. gxf4 Qxd8 39. Qxd8+ Kg7
40. Qxc8 e5 41. Qd7+ Kg6 42. c7 h5 43. c8=Q h4 44. Qcc6+ Kh5 45. Qf5# 1-0

[Event "Women's National Chess Championship 2015"]
[Site "SLIIT,Malambe"]
[Date "2015.07.06"]
[Round "5"]
[Board "3"]
[White "Rajapaksa, Miyuni Kavinya"]
[Black "Mendis, Dasuni Hansika"]
[Result "0-1"]
[WhiteElo "1591"]
[BlackElo "1697"]
[PlyCount "91"]
[EventDate "2015.07.04"]
[EventRounds "13"]
[EventCountry "SRI"]

1. e4 e5 2. Nf3 Nc6 3. Bc4 Bc5 4. d3 Nf6 5. c3 d6 6. Bb3 Ne7 7. Ng5 O-O 8. f4
exf4 9. Bxf4 Ng6 10. Bd2 h6 11. Nf3 Bb6 12. Qe2 Re8 13. Na3 c6 14. O-O-O Bc7
15. Qf1 b5 16. Nd4 Ne5 17. Bf4 Bd7 18. g4 Bxg4 19. Rd2 Bb6 20. h3 Bd7 21. Qg2
Kh8 22. Nac2 Qe7 23. Ne3 Bxd4 24. cxd4 Ng6 25. Bg3 Rg8 26. Re2 Nf8 27. Nf5 Bxf5
28. exf5 Qd7 29. Rg1 N8h7 30. Kb1 a5 31. Rge1 Rae8 32. Rxe8 Rxe8 33. Rg1 Rg8
34. Qf2 Ng5 35. Bh4 Nxh3 36. Qd2 Nxg1 37. Bxf6 Kh7 38. Bh4 Qxf5 39. Qg2 Nf3 40.
Bg3 d5 41. Bd1 Nxd4 42. Qd2 g6 43. Bf2 Nf3 44. Qe3 Ng5 45. Be1 a4 46. Bh4 0-1

[Event "Women's National Chess Championship 2015"]
[Site "SLIIT,Malambe"]
[Date "2015.07.06"]
[Round "5"]
[Board "4"]
[White "Saumy, Zainab"]
[Black "Ranasinghe, S D"]
[Result "1/2-1/2"]
[WhiteElo "1570"]
[BlackElo "1783"]
[PlyCount "132"]
[EventDate "2015.07.04"]
[EventRounds "13"]
[EventCountry "SRI"]

1. e4 c5 2. c3 d5 3. exd5 Qxd5 4. d4 Nc6 5. Nf3 Bg4 6. Be2 cxd4 7. cxd4 e6 8.
Nc3 Qd8 9. Be3 Nf6 10. O-O Be7 11. Qb3 O-O 12. Qxb7 Nb4 13. Qb5 Nc2 14. Rac1
Rb8 15. Qa4 Bf5 16. Nh4 Rb4 17. Qxa7 Nxe3 18. fxe3 Be4 19. Nxe4 Nxe4 20. Nf3
Rxb2 21. Bd3 Nd2 22. Nxd2 Rxd2 23. Bb1 Qd5 24. Rf2 Bg5 25. e4 Qxd4 26. Qxd4
Rxd4 27. Rc3 Bf6 28. Rc1 Bg5 29. Re1 Bd2 30. Ree2 Rb8 31. Bc2 Ba5 32. g3 Rb2
33. Bb3 Rb1+ 34. Kg2 g6 35. Rf3 Re1 36. Ref2 Rd7 37. Rxf7 Rxf7 38. Bxe6 Rxe4
39. Bxf7+ Kg7 40. Bb3 Re7 41. Kf3 Bb6 42. Rc2 Re3+ 43. Kg2 Re7 44. a4 Ba5 45.
Rc5 Bd2 46. Bc4 Ra7 47. Bb5 Kf6 48. Kf3 Bb4 49. Rc4 Ba5 50. Ke4 Rc7 51. Rd4 Ke6
52. Rd5 Ke7 53. Bd3 Ra7 54. Bb5 Bc3 55. Kd3 Ba5 56. Kc4 Rc7+ 57. Rc5 h5 58.
Rxc7+ Bxc7 59. Kc5 h4 60. gxh4 Bxh2 61. a5 Bg3 62. Kc6 Bxh4 63. a6 Bf2 64. Kb7
g5 65. a7 Bxa7 66. Kxa7 Kf6 1/2-1/2

[Event "Women's National Chess Championship 2015"]
[Site "SLIIT,Malambe"]
[Date "2015.07.06"]
[Round "5"]
[Board "5"]
[White "Abeysinghe, H M H Janandani"]
[Black "Udupitiya, U G S S S"]
[Result "0-1"]
[WhiteElo "1519"]
[BlackElo "1647"]
[PlyCount "88"]
[EventDate "2015.07.04"]
[EventRounds "13"]
[EventCountry "SRI"]

1. e4 c5 2. Nf3 d6 3. d4 cxd4 4. Nxd4 Nf6 5. Nc3 a6 6. Be3 e5 7. Nb3 Be7 8. f3
Be6 9. Qd2 O-O 10. O-O-O a5 11. Nb5 a4 12. Na1 d5 13. exd5 Nxd5 14. Bc4 Nxe3
15. Qxe3 Bg5 16. Rxd8 Bxe3+ 17. Kb1 Rxd8 18. Bxe6 fxe6 19. Nc7 Ra5 20. Nxe6 Rd6
21. Re1 Rad5 22. a3 Rd1+ 23. Rxd1 Rxd1+ 24. Ka2 Na6 25. f4 exf4 26. Ng5 Rd2 27.
Ne4 Rxg2 28. b3 axb3+ 29. Kxb3 f3 30. c4 f2 31. Nxf2 Rxf2 32. Nc2 Nc5+ 33. Kc3
Na4+ 34. Kb3 Nc5+ 35. Kc3 Bd2+ 36. Kd4 Ne6+ 37. Kd3 Kf7 38. Nd4 Nxd4 39. Kxd4
Rxh2 40. Kc5 Be3+ 41. Kb5 Rb2+ 42. Ka4 g5 43. Ka5 g4 44. a4 Bb6# 0-1

[Event "Women's National Chess Championship 2015"]
[Site "SLIIT,Malambe"]
[Date "2015.07.06"]
[Round "5"]
[Board "6"]
[White "De Silva, Chamindra"]
[Black "Methmani, Nelunika"]
[Result "0-1"]
[WhiteElo "1544"]
[BlackElo "1768"]
[PlyCount "64"]
[EventDate "2015.07.04"]
[EventRounds "13"]
[EventCountry "SRI"]

1. e4 g6 2. d4 Bg7 3. Nf3 d6 4. h3 Nf6 5. Bd3 O-O 6. Be3 Re8 7. Nc3 e5 8. d5 c6
9. Bg5 Qb6 10. Qd2 Nxd5 11. exd5 e4 12. Na4 exf3+ 13. Be3 fxg2 14. Rg1 Qd4 15.
Nc3 Bxh3 16. O-O-O Qb4 17. a3 Qa5 18. Be2 c5 19. Rde1 Nd7 20. Bf4 Ne5 21. Qe3
Bf5 22. Qd2 a6 23. Rxg2 b5 24. Bxe5 Rxe5 25. Bd3 Rxe1+ 26. Qxe1 Bxd3 27. cxd3
b4 28. Nd1 Qa4 29. f3 bxa3 30. Rg4 axb2+ 31. Nxb2 Qa1+ 32. Kd2 Qxb2+ 0-1

[Event "Women's National Chess Championship 2015"]
[Site "SLIIT,Malambe"]
[Date "2015.07.06"]
[Round "5"]
[Board "7"]
[White "Wickramasinghe, Dilhara Ishini"]
[Black "Premanath, Dinushki"]
[Result "0-1"]
[WhiteElo "1674"]
[BlackElo "1833"]
[PlyCount "88"]
[EventDate "2015.07.04"]
[EventRounds "13"]
[EventCountry "SRI"]

1. d4 Nf6 2. c4 e6 3. a3 d5 4. Nc3 c6 5. e3 Nbd7 6. Nf3 Bd6 7. Qc2 O-O 8. b3 b6
9. cxd5 exd5 10. Bd3 Bb7 11. O-O Rc8 12. Bb2 c5 13. dxc5 Nxc5 14. Bf5 Ne6 15.
Qd1 Ne4 16. Nb5 Bb8 17. Nbd4 Qe7 18. Re1 a6 19. h3 Rfd8 20. Qe2 g6 21. Nxe6
fxe6 22. Bxe4 dxe4 23. Ne5 Qg5 24. Ng4 Rf8 25. Red1 Bd5 26. Qxa6 Rc2 27. Bd4 h5
28. Nf6+ Rxf6 29. Bxf6 Qxf6 30. Rf1 Qe5 31. g3 h4 32. Qxb6 Bc7 33. Qb5 Rc6 34.
Rfc1 hxg3 35. Rxc6 Qxa1+ 36. Kg2 gxf2 37. Rc1 Qg7 38. Kxf2 Qb2+ 39. Qe2 Qxc1
40. Qb5 Qd2+ 41. Kg1 Qxe3+ 42. Kg2 Qg3+ 43. Kf1 Qd3+ 44. Qxd3 exd3 0-1

[Event "Women's National Chess Championship 2015"]
[Site "SLIIT,Malambe"]
[Date "2015.07.06"]
[Round "6"]
[Board "1"]
[White "Kodikara, K K M Sachintha"]
[Black "Premanath, Dinushki"]
[Result "0-1"]
[WhiteElo "1505"]
[BlackElo "1833"]
[PlyCount "84"]
[EventDate "2015.07.04"]
[EventRounds "13"]
[EventCountry "SRI"]

1. Nf3 c5 2. g3 Nf6 3. d3 Nc6 4. Bg2 g6 5. O-O Bg7 6. Nbd2 O-O 7. e4 d6 8. Re1
Qc7 9. Qe2 e5 10. c3 a6 11. b3 b5 12. Bb2 Qb6 13. h3 Bb7 14. Qf1 Nh5 15. Kh2
Nf6 16. Kg1 Rad8 17. c4 Bc8 18. Kh2 Be6 19. Red1 Ra8 20. Rab1 Rfb8 21. Ng5 Bh6
22. Nxe6 fxe6 23. f4 Rf8 24. f5 Qc7 25. Qh1 Rae8 26. fxe6 Rxe6 27. a3 Nh5 28.
Nf3 Be3 29. Rf1 Nxg3 30. Kxg3 Qf7 31. Nh4 Bf2+ 32. Rxf2 Qxf2+ 33. Kh2 Qxh4 34.
Rf1 Ref6 35. Bc1 Nd4 36. Rxf6 Rxf6 37. Qd1 Qf2 38. Kh1 Qg3 39. Qg1 Rf2 40. Qh2
Qxd3 41. cxb5 Nf3 42. Qg3 Qd1+ 0-1

[Event "Women's National Chess Championship 2015"]
[Site "SLIIT,Malambe"]
[Date "2015.07.06"]
[Round "6"]
[Board "2"]
[White "Methmani, Nelunika"]
[Black "Wickramasinghe, Dilhara Ishini"]
[Result "0-1"]
[WhiteElo "1768"]
[BlackElo "1674"]
[PlyCount "104"]
[EventDate "2015.07.04"]
[EventRounds "13"]
[EventCountry "SRI"]

1. d4 Nf6 2. c4 g6 3. Nc3 Bg7 4. e4 d6 5. f3 a6 6. Bg5 c6 7. a4 a5 8. Qd2 Qc7
9. Nge2 Na6 10. Nc1 Nd7 11. Be2 e5 12. d5 f6 13. Be3 Ndc5 14. O-O O-O 15. Ra3
f5 16. Nd3 Nxd3 17. Bxd3 f4 18. Bf2 c5 19. Nb5 Qe7 20. Qxa5 g5 21. Be2 h5 22.
h3 Rf7 23. Kh2 Bf8 24. Rh1 Rg7 25. Kg1 Qf6 26. Kf1 Be7 27. Qd2 Bd8 28. Be1 Nb4
29. Qd1 Ba5 30. Nc3 Bd8 31. Na2 Na6 32. Bd2 Qf7 33. Rb3 Qd7 34. Rb5 Qe8 35. Kf2
Kh8 36. Qc2 Bd7 37. Nc3 Bxb5 38. Nxb5 Qd7 39. Rb1 Nc7 40. b4 Nxb5 41. cxb5 cxb4
42. Bxb4 Bb6+ 43. Kf1 Rgg8 44. Qd2 Rxa4 45. Qd3 Rc8 46. Qb3 Raa8 47. Qb2 Bd4
48. Qb3 b6 49. Qd1 Ra2 50. Rc1 Rxc1 51. Qxc1 Ra1 52. Qxa1 Bxa1 0-1

[Event "Women's National Chess Championship 2015"]
[Site "SLIIT,Malambe"]
[Date "2015.07.06"]
[Round "6"]
[Board "3"]
[White "Udupitiya, U G S S S"]
[Black "De Silva, Chamindra"]
[Result "1/2-1/2"]
[WhiteElo "1647"]
[BlackElo "1544"]
[PlyCount "65"]
[EventDate "2015.07.04"]
[EventRounds "13"]
[EventCountry "SRI"]

1. e4 e5 2. Nf3 Nc6 3. Bb5 a6 4. Ba4 Nf6 5. O-O Be7 6. Re1 b5 7. Bb3 d6 8. c3
O-O 9. h3 Na5 10. Bc2 c5 11. d4 Qc7 12. d5 Bd7 13. Nbd2 Rfc8 14. Qe2 Nb7 15.
Nf1 c4 16. Ng3 Nc5 17. Bd2 a5 18. Rac1 Qb7 19. a3 h6 20. Ra1 Na6 21. Reb1 Rab8
22. Be3 Ra8 23. Rd1 b4 24. Rdb1 b3 25. Bd1 Bd8 26. Qd2 h5 27. Bg5 Nc5 28. Qe2
g6 29. Bd2 a4 30. Bg5 Kg7 31. Bd2 Kg8 32. Bg5 Kg7 33. Bd2 1/2-1/2

[Event "Women's National Chess Championship 2015"]
[Site "SLIIT,Malambe"]
[Date "2015.07.06"]
[Round "6"]
[Board "4"]
[White "Ranasinghe, S D"]
[Black "Abeysinghe, H M H Janandani"]
[Result "1-0"]
[WhiteElo "1783"]
[BlackElo "1519"]
[PlyCount "69"]
[EventDate "2015.07.04"]
[EventRounds "13"]
[EventCountry "SRI"]

1. c4 e5 2. Nc3 Nf6 3. g3 d5 4. cxd5 Nxd5 5. Bg2 Be6 6. Nf3 Nc6 7. O-O Bc5 8.
Nxe5 Nxe5 9. d4 Bb6 10. dxe5 Nxc3 11. bxc3 Qxd1 12. Rxd1 c6 13. Ba3 Rd8 14.
Rxd8+ Kxd8 15. Bd6 Kc8 16. a4 Bc7 17. e4 Rd8 18. Rd1 Bb3 19. Bh3+ Be6 20. Bxe6+
fxe6 21. f4 b5 22. Kg2 Bxd6 23. exd6 Kd7 24. e5 Rb8 25. Rb1 a6 26. Kf3 c5 27.
axb5 axb5 28. Ke3 Kc6 29. Ra1 Rb7 30. Ra6+ Rb6 31. d7 Rxa6 32. d8=Q b4 33. Qd6+
Kb5 34. c4+ Kxc4 35. Qd3# 1-0

[Event "Women's National Chess Championship 2015"]
[Site "SLIIT,Malambe"]
[Date "2015.07.06"]
[Round "6"]
[Board "5"]
[White "Mendis, Dasuni Hansika"]
[Black "Saumy, Zainab"]
[Result "0-1"]
[WhiteElo "1697"]
[BlackElo "1570"]
[PlyCount "124"]
[EventDate "2015.07.04"]
[EventRounds "13"]
[EventCountry "SRI"]

1. d4 Nf6 2. c4 g6 3. f3 Bg7 4. Nc3 d6 5. e4 O-O 6. Be3 Nbd7 7. Qd2 c5 8. d5
Ne5 9. h3 Nh5 10. Qf2 f5 11. exf5 gxf5 12. f4 Ng6 13. Be2 Nf6 14. Bf3 e5 15.
dxe6 Bxe6 16. Be2 Qa5 17. Bd2 Qb6 18. Rb1 Rae8 19. Kf1 d5 20. cxd5 Nxd5 21. Na4
Qd8 22. Nxc5 Bc8 23. Bc4 b6 24. Nb3 Kh8 25. Ne2 Nf6 26. Ng3 Ne4 27. Nxe4 fxe4
28. Bb5 Nxf4 29. Bxf4 Rxf4 30. Qxf4 Rf8 31. Qxf8+ Qxf8+ 32. Kg1 Be6 33. Rf1 Qb4
34. Be2 Bxb3 35. axb3 Bd4+ 36. Kh2 Be5+ 37. g3 Qxb3 38. Rhg1 Qxb2 39. Rg2 Qa3
40. Rf5 Qd6 41. Bc4 h6 42. Be2 a5 43. Rf1 Kg7 44. Kh1 a4 45. Bb5 a3 46. Bc4 Kh8
47. Kh2 e3 48. Re1 Qc5 49. Ba2 b5 50. Rge2 Bc3 51. Rd1 Bd4 52. Bb3 b4 53. Rc2
Qe5 54. Rc8+ Kh7 55. Rd8 e2 56. Bc2+ Kg7 57. Rd7+ Kf6 58. R1xd4 Qxd4 59. Rxd4
e1=Q 60. Rf4+ Kg7 61. Rg4+ Kh8 62. Bg6 a2 0-1

[Event "Women's National Chess Championship 2015"]
[Site "SLIIT,Malambe"]
[Date "2015.07.06"]
[Round "6"]
[Board "6"]
[White "Askey, Roshell Nathasha"]
[Black "Rajapaksa, Miyuni Kavinya"]
[Result "0-1"]
[WhiteElo "1606"]
[BlackElo "1591"]
[PlyCount "104"]
[EventDate "2015.07.04"]
[EventRounds "13"]
[EventCountry "SRI"]

1. e4 c5 2. Nf3 Nc6 3. d4 cxd4 4. Nxd4 g6 5. Nc3 Bg7 6. Be3 Nf6 7. h3 O-O 8.
Qd2 d5 9. Nxc6 bxc6 10. e5 Nd7 11. f4 Rb8 12. Rb1 Qa5 13. Be2 e6 14. Bf3 c5 15.
a3 Ba6 16. g4 f6 17. Bxd5 exd5 18. Qxd5+ Kh8 19. Qxd7 Qxc3+ 20. bxc3 Rxb1+ 21.
Kf2 Rxh1 22. Qc6 Rh2+ 23. Kg1 Re2 24. Bxc5 Rd8 25. Bd6 Bc8 26. Qc7 Re8 27. Qf7
Rd8 28. Qe7 Rg8 29. c4 fxe5 30. Bxe5 Bxe5 31. fxe5 Rg7 32. Qf6 Bb7 33. e6 h6
34. Qd8+ Kh7 35. Qe8 Ba6 36. Qc6 Rb7 37. Kf1 Rxc2 38. Qxb7+ Bxb7 39. e7 Bc6 40.
Ke1 Rxc4 41. Kd2 Re4 42. g5 hxg5 43. h4 gxh4 44. a4 h3 45. a5 h2 46. a6 h1=Q
47. e8=Q Rxe8 48. Kd3 Qd5+ 49. Kc3 Re3+ 50. Kc2 Qa2+ 51. Kd1 Bf3+ 52. Kc1 Re1#
 0-1

[Event "Women's National Chess Championship 2015"]
[Site "SLIIT,Malambe"]
[Date "2015.07.06"]
[Round "6"]
[Board "7"]
[White "Gamage, Nethmi Nirasha"]
[Black "Peiris, H Pevinya"]
[Result "1/2-1/2"]
[WhiteElo "1580"]
[BlackElo "1607"]
[PlyCount "62"]
[EventDate "2015.07.04"]
[EventRounds "13"]
[EventCountry "SRI"]

1. d4 b6 2. e4 Bb7 3. Bd3 Nf6 4. Qe2 e6 5. Nf3 c5 6. c3 d6 7. O-O Be7 8. h3
Nbd7 9. Bf4 O-O 10. Nbd2 Rc8 11. Nc4 Nb8 12. dxc5 bxc5 13. Rad1 e5 14. Bh2 g6
15. Bc2 Qc7 16. Nfd2 Nfd7 17. Ne3 Nb6 18. f4 f6 19. f5 Kg7 20. Rf3 g5 21. Rg3
h6 22. Qh5 Rh8 23. Qg6+ Kf8 24. Bb3 Bd8 25. Be6 Bc6 26. Qh5 Be8 27. Qf3 Bd7 28.
Bxd7 Qxd7 29. Qe2 Bc7 30. Rf3 Kg7 31. Nec4 Rcd8 1/2-1/2

[Event "Women's National Chess Championship 2015"]
[Site "SLIIT,Malambe"]
[Date "2015.07.10"]
[Round "7"]
[Board "1"]
[White "Peiris, H Pevinya"]
[Black "Kodikara, K K M Sachintha"]
[Result "1/2-1/2"]
[WhiteElo "1607"]
[BlackElo "1505"]
[PlyCount "61"]
[EventDate "2015.07.04"]
[EventRounds "13"]
[EventCountry "SRI"]

1. Nf3 d5 2. e3 Nf6 3. b3 Bf5 4. Bb2 Nbd7 5. d4 e6 6. Nbd2 h6 7. a3 c6 8. c4
Bd6 9. b4 a6 10. Be2 O-O 11. Ne5 Ne4 12. O-O Nxd2 13. Qxd2 Nf6 14. f3 Nd7 15.
c5 Bc7 16. g4 Bh7 17. Nxd7 Qxd7 18. f4 Rfe8 19. Qe1 Qd8 20. h4 Kf8 21. g5 Ke7
22. Bg4 Qd7 23. Qf2 Bd3 24. Rfd1 Be4 25. Rf1 Bd3 26. Rfe1 Be4 27. Rad1 Rh8 28.
Bf3 Bxf3 29. Qxf3 hxg5 30. hxg5 Rh4 31. Kg2 1/2-1/2

[Event "Women's National Chess Championship 2015"]
[Site "SLIIT,Malambe"]
[Date "2015.07.10"]
[Round "7"]
[Board "2"]
[White "Rajapaksa, Miyuni Kavinya"]
[Black "Gamage, Nethmi Nirasha"]
[Result "0-1"]
[WhiteElo "1591"]
[BlackElo "1580"]
[PlyCount "96"]
[EventDate "2015.07.04"]
[EventRounds "13"]
[EventCountry "SRI"]

1. e4 e6 2. d4 d5 3. Nc3 Bb4 4. e5 c5 5. a3 Bxc3+ 6. bxc3 Qa5 7. Bd2 Qa4 8. Qg4
Kf8 9. Bd3 c4 10. Be2 Qxc2 11. Nf3 Ne7 12. O-O Qf5 13. Qh4 Nbc6 14. Ng5 h6 15.
Nh3 Qc2 16. Rfd1 Qa4 17. g4 Na5 18. Qh5 Nb3 19. Ra2 Nxd2 20. Rdxd2 Qa5 21. g5
Qxc3 22. Nf4 g6 23. Qg4 h5 24. Qg2 Nf5 25. a4 Nxd4 26. Rxd4 Qxd4 27. Qf3 Rg8
28. Qg3 Bd7 29. a5 Rc8 30. Kg2 Qc5 31. Qh4 c3 32. Bxh5 gxh5 33. Nxh5 Rg6 34.
Nf4 Ke7 35. Nxg6+ fxg6 36. a6 b6 37. Qh7+ Kd8 38. Qxg6 c2 39. Qf6+ Kc7 40. Rxc2
Qxc2 41. g6 Qf5 42. Qe7 Qf8 43. Qg5 Qg7 44. h4 Rf8 45. h5 Rf5 46. Qg4 Bc6 47.
h6 d4+ 48. Kg1 Qxh6 0-1

[Event "Women's National Chess Championship 2015"]
[Site "SLIIT,Malambe"]
[Date "2015.07.10"]
[Round "7"]
[Board "3"]
[White "Saumy, Zainab"]
[Black "Askey, Roshell Nathasha"]
[Result "1/2-1/2"]
[WhiteElo "1570"]
[BlackElo "1606"]
[PlyCount "167"]
[EventDate "2015.07.04"]
[EventRounds "13"]
[EventCountry "SRI"]

1. e4 e6 2. d4 d5 3. Nc3 Bb4 4. e5 Ne7 5. a3 Bxc3+ 6. bxc3 c5 7. Qg4 Nf5 8. h4
cxd4 9. cxd4 Qc7 10. Qd1 Qc3+ 11. Bd2 Qxd4 12. Nf3 Qe4+ 13. Qe2 Qxe2+ 14. Bxe2
Nc6 15. g4 Nfd4 16. Nxd4 Nxd4 17. Bd3 Nf3+ 18. Ke2 Nxe5 19. g5 Nxd3 20. cxd3 b6
21. Rhc1 O-O 22. Rc7 Ba6 23. Bb4 Rfc8 24. Re7 Re8 25. Rc7 e5 26. Kd2 e4 27. d4
Rec8 28. Rd7 Bc4 29. Rg1 Rd8 30. Rc7 Bd3 31. Rgc1 Bc4 32. h5 g6 33. hxg6 hxg6
34. Be7 Re8 35. Bf6 Re6 36. Rh1 Rxf6 37. gxf6 b5 38. Ke3 a5 39. Kf4 b4 40. axb4
axb4 41. Rb7 b3 42. Ke5 Re8+ 43. Kd6 Re6+ 44. Kc5 Rxf6 45. Rb8+ Kg7 46. Rh2 Rf3
47. Kd6 Rf6+ 48. Kc5 Ra6 49. Rh3 Ra3 50. Kd6 Ra6+ 51. Ke7 Ra7+ 52. Kd6 Ra3 53.
Ke5 Ra6 54. Rbh8 Re6+ 55. Kf4 Kf6 56. Rb8 g5+ 57. Ke3 Kf5 58. Rh7 f6 59. Ra7
Kg4 60. Ra1 Rc6 61. f3+ exf3 62. Rg1+ Kf5 63. Kxf3 Ra6 64. Rg2 Ra3 65. Rb2 Ra1
66. Rb4 Rf1+ 67. Kg2 Rf4 68. Rd2 g4 69. Kg3 Rf3+ 70. Kh2 Kf4 71. Rb6 g3+ 72.
Kg2 Bf1+ 73. Kg1 f5 74. Re6 Bh3 75. Re1 g2 76. Rf2 b2 77. Rb1 Ke4 78. Rxf3 Kxf3
79. Rxb2 Kg4 80. Rb5 f4 81. Rxd5 f3 82. Rd8 Kg3 83. Rg8+ Bg4 84. Rf8 1/2-1/2

[Event "Women's National Chess Championship 2015"]
[Site "SLIIT,Malambe"]
[Date "2015.07.10"]
[Round "7"]
[Board "4"]
[White "Abeysinghe, H M H Janandani"]
[Black "Mendis, Dasuni Hansika"]
[Result "0-1"]
[WhiteElo "1519"]
[BlackElo "1697"]
[PlyCount "64"]
[EventDate "2015.07.04"]
[EventRounds "13"]
[EventCountry "SRI"]

1. e4 c6 2. d4 d5 3. exd5 cxd5 4. c3 Nc6 5. Nf3 Nf6 6. Bg5 Ne4 7. Be3 e6 8. Bd3
Be7 9. Nbd2 f5 10. Nxe4 dxe4 11. Bxe4 fxe4 12. Nd2 O-O 13. Nxe4 Qd5 14. Qc2 Qf5
15. O-O-O b6 16. f3 Kh8 17. Rdf1 Ba6 18. Rf2 Rac8 19. g4 Qf7 20. Kb1 Nb4 21.
Qd1 Nd5 22. Bg5 Bxg5 23. Nxg5 Qg6+ 24. Ne4 Rxc3 25. Ka1 Rcc8 26. h4 Ne3 27. Qg1
Nc2+ 28. Kb1 Bd3 29. h5 Nxd4+ 30. Ka1 Qe8 31. Nd6 Qa4 32. Nxc8 Nb3# 0-1

[Event "Women's National Chess Championship 2015"]
[Site "SLIIT,Malambe"]
[Date "2015.07.10"]
[Round "7"]
[Board "5"]
[White "De Silva, Chamindra"]
[Black "Ranasinghe, S D"]
[Result "0-1"]
[WhiteElo "1544"]
[BlackElo "1783"]
[PlyCount "124"]
[EventDate "2015.07.04"]
[EventRounds "13"]
[EventCountry "SRI"]

1. e4 d5 2. exd5 Qxd5 3. Nc3 Qa5 4. d4 Nf6 5. Nf3 c6 6. Bd2 Bf5 7. Bc4 e6 8.
Bb3 Qc7 9. h3 Bd6 10. Qe2 Nbd7 11. Nh4 Bg6 12. Nxg6 hxg6 13. g4 O-O-O 14. O-O-O
Bf4 15. Kb1 Bxd2 16. Qxd2 Rh4 17. Qe3 Rdh8 18. Qf3 g5 19. Ne2 Kb8 20. a3 Nf8
21. c4 Ng6 22. Bc2 Nf4 23. Nxf4 Qxf4 24. Qg2 Rd8 25. Qg3 Kc8 26. Qe3 Qxe3 27.
fxe3 Rdh8 28. d5 cxd5 29. cxd5 Nxd5 30. e4 Ne3 31. Rc1 Kb8 32. Ba4 Rxh3 33.
Rxh3 Rxh3 34. Rc3 Rh1+ 35. Ka2 Nxg4 36. Be8 Rf1 37. Bd7 a6 38. Rc8+ Ka7 39. Rc7
Ne5 40. Bc8 Rf3 41. Rc2 Rd3 42. Rg2 g4 43. a4 Rd8 44. Rc2 Nc6 45. Rg2 Rxc8 46.
Rxg4 g6 47. Rf4 f5 48. exf5 gxf5 49. Rf1 Rf8 50. Re1 e5 51. b3 Rg8 52. Kb2 f4
53. Kc3 Rg3+ 54. Kc2 f3 55. Rf1 e4 56. Kd2 Rg2+ 57. Ke3 Re2+ 58. Kf4 Nb4 59.
Ke5 Nd3+ 60. Kd4 f2 61. Rh1 Re1 62. Rxe1 fxe1=Q 0-1